Statistiques concernant Plus gros succès du cinéma d'animation français

Cliquez ici pour prendre le quiz!

Statistiques générales

  • Ce quiz a été pris 239 fois
  • Le résultat moyen est 3 sur 10

Statistiques - réponses

AnnéeFilm d'animationEntrées% Correct
2014Astérix : Le Domaine des dieux3 006 152
50%
2018Astérix : Le Secret de la potion magique3 959 529
42%
2005Kirikou et les Bêtes sauvages2 051 569
42%
1968Astérix et Cléopâtre1 951 615
38%
1976Les Douze Travaux d'Astérix2 206 163
32%
1967Astérix le Gaulois2 415 230
25%
2006Azur et Asmar2 509 696
21%
2015Le Petit Prince1 988 043
11%
1971Lucky Luke2 745 022
6%
2015Pourquoi j'ai pas mangé mon père2 410 466
4%

Distribution des résultats

Percentile par nombre de réponses

% des personnes avec chaque résultat

Votre développement - résultats

Vous n’avez pas pris ce quiz